000 00269nam a2200109Ia 4500
008 200302s9999 xx 000 0 und d
100 _aMichael Littlewood
245 _aLandscape Detailing 2nd ed.
260 _bThe Architectural Press.
260 _c1986
300 _a214 P.,
999 _c761
_d761